000 01109nam a2200265 i 4500
001 8827
003 KOSZ 005
005 20200417125035.0
008 070727s1970 pl a f 001 0 pol
015 _aPB 1970/9215
040 _aWA N
_cKOSZ 005/RW
_dKOSZ 005/RW
245 0 0 _aElektromagnetyczne procesy przejściowe w asynchronicznym napędzie elektrycznym :
_bpraca zbiorowa /
_c[aut. M. M. Sokolov et al.] ; tł. z jęz. ros. Adolf Zelenay.
246 1 _iTyt. oryg.:
_aÈlektromagnitnye perehodnye processy v asinhronnom èlektroprivode.
260 _aWarszawa :
_bWydawnictwa Naukowo-Techniczne,
_c1970.
300 _a201, [2] s. :
_bil., err. ;
_c23 cm.
380 _aKsiążki.
504 _aBibliogr. s. 193-[195]. Indeks.
650 4 _aElektromagnetyzm
650 4 _aSilniki asynchroniczne
700 1 _aSokolov, Mihail Mihajlovič.
_eAutor
700 1 _aZelenay, Adolf.
_eTł.
710 2 _aWydawnictwa Naukowo-Techniczne
_4pbl.
856 _uhttp://koha.tu.koszalin.pl/cgi-bin/koha/opac-detail.pl?biblionumber=8827
_yKatalog online BPK
942 _2UKD
_cKS
999 _c8827
_d8827